[Event "SRB-chT2 East"]
[Site "Serbia"]
[Date "2018.09.09"]
[Round "4.28"]
[White "Tosic, Nebojsa"]
[Black "Kostic, Marko"]
[Result "1-0"]
[WhiteElo "2085"]
[BlackElo "1971"]
[PlyCount "109"]
[EventDate "2018.09.07"]
[EventType "team-tourn"]
[EventRounds "11"]
[EventCountry "SRB"]
[SourceTitle "EXT 2021"]
[Source "ChessBase"]
[SourceDate "2020.10.23"]
[SourceVersion "1"]
[SourceVersionDate "2020.10.23"]
[SourceQuality "1"]
[WhiteTeam "Kostolac Rudar"]
[BlackTeam "Veliko Gradiste"]
[WhiteTeamCountry "SRB"]
[BlackTeamCountry "SRB"]

1. c4 c5 2. Nc3 Nc6 3. g3 g6 4. Bg2 Bg7 5. a3 Nf6 6. Nh3 0-0 7. Nf4 e6 8. b4 d6 9. Rb1 cxb4 10. axb4 Rb8 11. 0-0 Ne5 12. d3 b6 13. Qb3 Bb7 14. d4 Ned7 15. Nb5 Bxg2 16. Nxg2 a6 17. Nxd6 Qe7 18. Bf4 Nh5 19. Ne4 Nxf4 20. Nxf4 Bxd4 21. Rfd1 Bg7 22. Qa4 Ne5 23. Qxa6 Rfc8 24. c5 bxc5 25. bxc5 Qc7 26. Rxb8 Qxb8 27. h3 h6 28. Nd3 Nc6 29. Nd6 Rc7 30. Qb6 Qd8 31. Rb1 Bf8 32. Nb7 Qc8 33. Nd6 Qd8 34. Ne4 Nd4 35. Kf1 Nc6 36. Ra1 Be7 37. Ra4 Qc8 38. Ra6 Nb8 39. Ra8 Rb7 40. Nd6 Bxd6 41. Qxd6 Rb1+ 42. Ne1 Kh7 43. Ra7 Kg7 44. f3 Rc1 45. Qf4 Rxe1+ 46. Kxe1 Nd7 47. Qc7 Qxc7 48. Rxc7 Ne5 49. f4 Nc4 50. Rd7 Kf8 51. Ra7 Ke8 52. e4 e5 53. Ke2 exf4 54. gxf4 g5 55. Ra4 1-0

[Event "Vojvodina-ch 7th"]
[Site "Novi Sad"]
[Date "2016.07.19"]
[Round "7"]
[White "Ujhazi, Ivan"]
[Black "Kostic, Marko"]
[Result "0-1"]
[WhiteElo "2212"]
[BlackElo "2016"]
[PlyCount "86"]
[EventDate "2016.07.15"]
[EventType "swiss"]
[EventRounds "9"]
[EventCountry "YUG"]
[SourceTitle "CBM 173 Extra"]
[Source "ChessBase"]
[SourceDate "2016.08.29"]
[SourceVersion "1"]
[SourceVersionDate "2016.08.29"]
[SourceQuality "1"]

1. e4 e5 2. Nc3 Bc5 3. g3 Nc6 4. Bg2 d6 5. Nge2 a6 6. 0-0 Bg4 7. h3 Bh5 8. d3 Nd4 9. g4 Bg6 10. Nxd4 Bxd4 11. Ne2 Ba7 12. Ng3 Qd7 13. c3 f6 14. d4 0-0-0 15. Be3 Bf7 16. Qe2 Kb8 17. d5 Bxe3 18. Qxe3 h5 19. f3 hxg4 20. fxg4 Ne7 21. Rf2 Ng6 22. Ne2 Nh4 23. Bf1 Rh6 24. c4 Rdh8 25. b4 c6 26. a4 cxd5 27. cxd5 Rc8 28. Ng3 Qc7 29. Ne2 Qd7 30. b5 axb5 31. axb5 Qxb5 32. Qa7+ Kc7 33. Rc1+ Kd8 34. Rxc8+ Kxc8 35. Qa8+ Kc7 36. Nc3 Qb6 37. Nb5+ Kd7 38. Be2 Ng6 39. Na7 Rh8 40. Nc8 Rxc8 41. Qa4+ Ke7 42. Bd1 Nf4 43. Kf1 Be8 0-1

[Event "SRB Central-ch op-B 9th"]
[Site "Paracin"]
[Date "2016.07.12"]
[Round "7"]
[White "Kostic, Marko"]
[Black "Mirkovic, Dejan"]
[Result "0-1"]
[WhiteElo "2016"]
[BlackElo "1824"]
[PlyCount "72"]
[EventDate "2016.07.07"]
[EventType "swiss"]
[EventRounds "9"]
[EventCountry "SRB"]
[SourceTitle "CBM 173 Extra"]
[Source "ChessBase"]
[SourceDate "2016.08.29"]
[SourceVersion "1"]
[SourceVersionDate "2016.08.29"]
[SourceQuality "1"]

1. d4 Nf6 2. Bf4 d5 3. e3 e6 4. Nf3 a6 5. Bd3 c5 6. c3 Nc6 7. Nbd2 b6 8. h3 Be7 9. 0-0 Bb7 10. Ne5 0-0 11. Rc1 Bd6 12. Ndf3 Ne7 13. Nh2 Ng6 14. Bg3 Qc7 15. f4 b5 16. Nhg4 Ne4 17. Bxe4 dxe4 18. Nxg6 hxg6 19. Ne5 Rfd8 20. Qg4 a5 21. Bh4 Re8 22. Bg3 Ba6 23. h4 b4 24. Rfe1 Qb6 25. h5 gxh5 26. Qxh5 Ra7 27. c4 b3 28. a3 Rc7 29. Bf2 Rec8 30. g3 Qb7 31. Red1 cxd4 32. exd4 Bxe5 33. dxe5 Bxc4 34. Qg5 Be2 35. Rxc7 Qxc7 36. Re1 Bf3 0-1

[Event "SRB Central-ch op-B 9th"]
[Site "Paracin"]
[Date "2016.07.11"]
[Round "5"]
[White "Kostic, Marko"]
[Black "Gajin, Nikola"]
[Result "0-1"]
[WhiteElo "2016"]
[BlackElo "2069"]
[PlyCount "142"]
[EventDate "2016.07.07"]
[EventType "swiss"]
[EventRounds "9"]
[EventCountry "SRB"]
[SourceTitle "CBM 173 Extra"]
[Source "ChessBase"]
[SourceDate "2016.08.29"]
[SourceVersion "1"]
[SourceVersionDate "2016.08.29"]
[SourceQuality "1"]

1. d4 Nf6 2. Bf4 g6 3. e3 Bg7 4. Be2 0-0 5. h3 d6 6. Nf3 Nbd7 7. 0-0 c5 8. c3 a6 9. a4 Rb8 10. b4 cxb4 11. cxb4 Nd5 12. Qb3 Nxf4 13. exf4 Nf6 14. Nc3 Be6 15. d5 Bf5 16. Nd4 Ne4 17. Nxe4 Bxe4 18. Rad1 Rc8 19. Bg4 Rc7 20. Rfe1 Bxd4 21. Rxd4 Bc2 22. Qa2 h5 23. Bf3 Qd7 24. a5 Rfc8 25. g4 hxg4 26. hxg4 Qa4 27. Qxa4 Bxa4 28. g5 Kf8 29. Kg2 Rc4 30. Ree4 Rc3 31. Bg4 R8c7 32. f5 Bc2 33. Rf4 gxf5 34. Bxf5 Bxf5 35. Rxf5 R7c4 36. Rff4 Rxd4 37. Rxd4 Kg7 38. f3 Kg6 39. Re4 Rc7 40. Rf4 Rc2+ 41. Kg3 Rd2 42. Re4 Rxd5 43. Rxe7 Rxg5+ 44. Kf4 Rf5+ 45. Kg3 Rb5 46. Re4 Kf6 47. Kf4 Rf5+ 48. Kg4 Re5 49. Rd4 Ke6 50. f4 Rb5 51. Kh4 Rd5 52. Re4+ Kf6 53. Kg4 Rd1 54. Rc4 Rb1 55. Rd4 Ke6 56. Kg5 Rg1+ 57. Kh6 d5 58. b5 Ra1 59. bxa6 bxa6 60. Kg7 Rxa5 61. Rb4 Rb5 62. Ra4 a5 63. Ra2 Kf5 64. Ra4 f6 65. Rd4 Ke6 66. Ra4 Rb4 67. Rxa5 Rxf4 68. Ra6+ Ke5 69. Kf7 d4 70. Ra5+ Ke4 71. Ke6 d3 0-1

[Event "SRB Central-ch op-B 9th"]
[Site "Paracin"]
[Date "2016.07.08"]
[Round "2"]
[White "Djoric, Krsta"]
[Black "Kostic, Marko"]
[Result "0-1"]
[WhiteElo "1824"]
[BlackElo "2016"]
[PlyCount "70"]
[EventDate "2016.07.07"]
[EventType "swiss"]
[EventRounds "9"]
[EventCountry "SRB"]
[SourceTitle "CBM 173 Extra"]
[Source "ChessBase"]
[SourceDate "2016.08.29"]
[SourceVersion "1"]
[SourceVersionDate "2016.08.29"]
[SourceQuality "1"]

1. f4 d5 2. Nf3 Nf6 3. e3 Bf5 4. b3 a6 5. Bb2 e6 6. Be2 Be7 7. 0-0 c6 8. Nh4 Nbd7 9. Nxf5 exf5 10. Qe1 Qc7 11. c4 dxc4 12. Bxc4 Nb6 13. Be2 0-0 14. Nc3 Rfe8 15. Bf3 Rad8 16. Ne2 Qd7 17. Rd1 Nbd5 18. Bxf6 Bxf6 19. Bxd5 Qxd5 20. Ng3 h6 21. Kh1 Qd3 22. Rf3 Qc2 23. Nf1 Qxa2 24. Rb1 Rd3 25. Qd1 Red8 26. Rf2 a5 27. Re2 b5 28. e4 fxe4 29. Rxe4 R3d4 30. Ra1 Rxd2 31. Qxd2 Qxa1 32. Qe2 Rd1 33. Kg1 Bd4+ 34. Rxd4 Qxd4+ 35. Kh1 Qd3 0-1

[Event "SRB-chT2 East"]
[Site "Vrnjacka Banja"]
[Date "2015.10.09"]
[Round "8.36"]
[White "Radivojevic, Tomislav"]
[Black "Kostic, Marko"]
[Result "0-1"]
[WhiteElo "2188"]
[BlackElo "1938"]
[PlyCount "111"]
[EventDate "2015.08.28"]
[EventType "team-tourn"]
[EventRounds "11"]
[EventCountry "SRB"]
[SourceTitle "EXT 2022"]
[Source "ChessBase"]
[SourceDate "2021.10.06"]
[SourceVersion "1"]
[SourceVersionDate "2021.10.06"]
[SourceQuality "1"]

1. Nf3 d5 2. c4 e6 3. g3 Nf6 4. Bg2 Be7 5. 0-0 0-0 6. b3 c5 7. cxd5 Nxd5 8. Bb2 Nc6 9. Nc3 Bf6 10. Qc1 Rb8 11. Ne4 Bxb2 12. Qxb2 b6 13. d4 Nxd4 14. Nxd4 cxd4 15. Qxd4 Bb7 16. Rfd1 Qe7 17. Rac1 Rfd8 18. Qb2 Rd7 19. Rd2 Rbd8 20. h4 h6 21. Rcd1 Rc8 22. Rc2 Rdc7 23. Rdc1 f5 24. Nd2 f4 25. Ne4 fxg3 26. Nxg3 Rxc2 27. Rxc2 Rxc2 28. Qxc2 Qxh4 29. Qg6 Qe7 30. Be4 Nf6 31. Bd3 Qf7 32. e3 Qxg6 33. Bxg6 Bf3 34. Nf1 Be4 35. Bxe4 Nxe4 36. f3 Nc3 37. a3 g5 38. Nd2 b5 39. Kf2 Kg7 40. Kg3 Kg6 41. Kh3 Kf5 42. Kg3 h5 43. Kg2 e5 44. b4 e4 45. Nb3 exf3+ 46. Kxf3 g4+ 47. Kf2 h4 48. Nd4+ Ke4 49. Nc6 a6 50. Nb8 h3 51. Nxa6 h2 52. Kg2 Kxe3 53. Nc5 Ke2 54. a4 bxa4 55. b5 Nxb5 56. Nxa4 0-1

[Event "SRB-chT2 East"]
[Site "Vrnjacka Banja"]
[Date "2015.08.30"]
[Round "4.6"]
[White "Dragojevic, Dragan"]
[Black "Kostic, Marko"]
[Result "0-1"]
[WhiteElo "1949"]
[BlackElo "1938"]
[PlyCount "94"]
[EventDate "2015.08.28"]
[EventType "team-tourn"]
[EventRounds "11"]
[EventCountry "SRB"]
[SourceTitle "EXT 2022"]
[Source "ChessBase"]
[SourceDate "2021.10.06"]
[SourceVersion "1"]
[SourceVersionDate "2021.10.06"]
[SourceQuality "1"]

1. e4 e5 2. Nf3 Nc6 3. Bc4 Bc5 4. c3 Nf6 5. d3 d6 6. b4 Bb6 7. a4 a5 8. b5 Ne7 9. 0-0 Be6 10. Bxe6 fxe6 11. Ng5 Qd7 12. Qb3 d5 13. Ba3 Ng6 14. Nd2 h6 15. Ngf3 Kf7 16. Rad1 Rhe8 17. c4 Kg8 18. c5 Ba7 19. Qb2 c6 20. b6 Bb8 21. Rfe1 Qf7 22. Rf1 Rf8 23. Ne1 Nf4 24. f3 g5 25. Rf2 Kh7 26. Nf1 Rg8 27. Qc2 g4 28. Bc1 Qh5 29. Ng3 Qg6 30. Nf1 N6h5 31. fxg4 Qxg4 32. Rf3 Qg6 33. Qf2 dxe4 34. dxe4 Qxe4 35. Ng3 Qg6 36. Rd7+ Rg7 37. Rxg7+ Nxg7 38. Ne2 Nxe2+ 39. Qxe2 e4 40. Rh3 h5 41. Rh4 Be5 42. Rxe4 Bc3 43. Nf3 Qf5 44. Qe3 Bb4 45. Re5 Qc2 46. Ng5+ Kg8 47. Ne4 Qd1+ 0-1

[Event "SRB-chT2 East"]
[Site "Vrnjacka Banja"]
[Date "2015.08.29"]
[Round "3.4"]
[White "Madjar, Stanislav"]
[Black "Kostic, Marko"]
[Result "1/2-1/2"]
[WhiteElo "2166"]
[BlackElo "1938"]
[PlyCount "89"]
[EventDate "2015.08.28"]
[EventType "team-tourn"]
[EventRounds "11"]
[EventCountry "SRB"]
[SourceTitle "EXT 2022"]
[Source "ChessBase"]
[SourceDate "2021.10.06"]
[SourceVersion "1"]
[SourceVersionDate "2021.10.06"]
[SourceQuality "1"]

1. c4 c5 2. Nf3 Nc6 3. d4 cxd4 4. Nxd4 g6 5. e4 Bg7 6. Be3 e6 7. Nc3 Nge7 8. Be2 0-0 9. 0-0 a6 10. Nc2 Qc7 11. Qd2 b6 12. Rfd1 Rd8 13. Rac1 d6 14. Na3 Rb8 15. Bf1 Bb7 16. f3 h5 17. Nd5 exd5 18. cxd5 b5 19. Qf2 Qd7 20. dxc6 Bxc6 21. Rc2 Qe6 22. b3 d5 23. Rcd2 Rd7 24. Nc2 dxe4 25. Rxd7 Bxd7 26. fxe4 Bc6 27. Bf4 Rc8 28. Nd4 Qxe4 29. Nxc6 Nxc6 30. Kh1 Nb4 31. a4 bxa4 32. bxa4 Nd5 33. Bg5 a5 34. Bb5 Rc2 35. Qf3 Qxf3 36. gxf3 Rc5 37. Bh4 Bh6 38. Bf2 Ne3 39. Bxe3 Bxe3 40. Rd8+ Kg7 41. Ra8 Bd2 42. Ra7 g5 43. Kg2 Rf5 44. Rd7 Bb4 45. Bc4 1/2-1/2

[Event "SRB-ch U18"]
[Site "Pozarevac"]
[Date "2015.01.11"]
[Round "5"]
[White "Kostic, Marko"]
[Black "Radovanovic, Nikola"]
[Result "0-1"]
[WhiteElo "1915"]
[BlackElo "2393"]
[PlyCount "58"]
[EventDate "2015.01.09"]
[EventType "tourn"]
[EventRounds "10"]
[EventCountry "SRB"]
[SourceTitle "EXT 2016"]
[Source "ChessBase"]
[SourceDate "2015.10.08"]
[SourceVersion "1"]
[SourceVersionDate "2015.10.08"]
[SourceQuality "1"]

1. d4 Nf6 2. Bf4 g6 3. e3 Bg7 4. Be2 d6 5. h3 0-0 6. Nf3 Nfd7 7. 0-0 e5 8. Bh2 Nc6 9. c4 f5 10. Nc3 e4 11. Nd2 Nf6 12. d5 Ne7 13. Rc1 g5 14. b4 Ng6 15. c5 Qe7 16. Qb3 f4 17. cxd6 cxd6 18. exf4 gxf4 19. f3 e3 20. Nde4 Nxe4 21. Nxe4 Bf5 22. Nc3 Rac8 23. a4 Be5 24. Nb5 Nh4 25. Bxf4 Bxf4 26. g4 Bd7 27. Nxa7 Qe5 28. Kh1 Bh2 29. f4 Qe4+ 0-1

[Event "SRB-chT3 East"]
[Site "Pozarevac"]
[Date "2014.10.05"]
[Round "6.42"]
[White "Mitrovic, Darko A"]
[Black "Kostic, Marko"]
[Result "1/2-1/2"]
[WhiteElo "2115"]
[BlackElo "1848"]
[PlyCount "144"]
[EventDate "2014.10.02"]
[EventType "team-swiss"]
[EventRounds "6"]
[EventCountry "SRB"]
[SourceTitle "EXT 2022"]
[Source "ChessBase"]
[SourceDate "2021.10.06"]
[SourceVersion "1"]
[SourceVersionDate "2021.10.06"]
[SourceQuality "1"]

1. e4 e5 2. Nf3 Nc6 3. Bb5 a6 4. Bxc6 dxc6 5. 0-0 Bd6 6. d4 Bg4 7. dxe5 Bxf3 8. Qxf3 Bxe5 9. Nd2 Qf6 10. Qb3 0-0-0 11. Nc4 Bd4 12. Be3 Nh6 13. Rad1 Bxe3 14. Qxe3 Rxd1 15. Rxd1 Rd8 16. Rxd8+ Qxd8 17. Qe2 Qg5 18. Qd2 Qc5 19. b3 f6 20. h3 Nf7 21. Qf4 Kb8 22. Qg4 Qf8 23. Qf5 Qg8 24. f4 Nd6 25. Nxd6 cxd6 26. Qd7 Qf8 27. c4 d5 28. exd5 Qc5+ 29. Kh2 cxd5 30. cxd5 Qc7 31. Qe8+ Ka7 32. Qe3+ b6 33. Qd4 Qd6 34. h4 g6 35. g3 h5 36. Qe4 Qc5 37. Kg2 f5 38. Qd3 Qd6 39. Kf3 Kb7 40. Qc4 b5 41. Qd4 Kc7 42. Qe5 Kd7 43. Ke3 Qc5+ 44. Kd3 Qf2 45. Qe6+ Kd8 46. Qd6+ Kc8 47. Qxa6+ Kd8 48. Qa5+ Kc8 49. Qc3+ Kd8 50. Qf6+ Kc8 51. Qc6+ Kd8 52. Qxg6 Qf3+ 53. Kd4 Qe4+ 54. Kc5 Qe3+ 55. Kc6 Qc3+ 56. Kxb5 Qd3+ 57. Ka4 Qd4+ 58. Ka3 Qa7+ 59. Kb2 Qd4+ 60. Ka3 Qa7+ 61. Kb4 Qd4+ 62. Kb5 Qxd5+ 63. Kb6 Qd4+ 64. Kc6 Qe4+ 65. Kd6 Qe7+ 66. Kd5 Qe4+ 67. Kc5 Qe3+ 68. Kc6 Qe4+ 69. Kb5 Qd5+ 70. Kb4 Qd4+ 71. Ka3 Qa7+ 72. Kb4 Qd4+ 1/2-1/2

[Event "SRB-chT2 East"]
[Site "Leskovac"]
[Date "2014.09.28"]
[Round "6.4"]
[White "Kostic, Marko"]
[Black "Simic, Petar S"]
[Result "1/2-1/2"]
[WhiteElo "1848"]
[BlackElo "1797"]
[PlyCount "115"]
[EventDate "2014.09.25"]
[EventType "team-swiss"]
[EventRounds "6"]
[EventCountry "SRB"]
[SourceTitle "EXT 2015"]
[Source "ChessBase"]
[SourceDate "2014.11.20"]
[SourceVersion "1"]
[SourceVersionDate "2014.11.20"]
[SourceQuality "1"]

1. d4 Nf6 2. Bf4 c5 3. c3 e6 4. e3 d5 5. Nf3 Nc6 6. Bd3 Bd6 7. Bxd6 Qxd6 8. 0-0 0-0 9. Nbd2 e5 10. dxe5 Nxe5 11. Nxe5 Qxe5 12. h3 Bf5 13. Nf3 Qe6 14. Bxf5 Qxf5 15. Qb3 b6 16. a4 Rab8 17. Qb5 Qc8 18. Rfd1 a6 19. Qf1 Ra8 20. Rd2 Qc6 21. c4 dxc4 22. Qxc4 b5 23. Qf4 Rad8 24. axb5 axb5 25. Rc2 Qd5 26. Rac1 c4 27. Nd4 Rfe8 28. b3 cxb3 29. Rb2 Rb8 30. Rxb3 b4 31. Rcb1 Qc4 32. Qd6 Ne4 33. Qc6 Qxc6 34. Nxc6 Rbc8 35. Rxb4 Nc3 36. Rc4 Rxc6 37. Rxc6 Nxb1 38. e4 g6 39. f3 Kg7 40. Kf2 Nd2 41. Rd6 Nc4 42. Rd4 Nb6 43. f4 Re6 44. g4 Kf6 45. Kf3 Rc6 46. e5+ Ke6 47. Rd8 f6 48. exf6 Kxf6 49. h4 Re6 50. Rh8 Kg7 51. Rd8 h5 52. gxh5 gxh5 53. f5 Re7 54. Kf4 Nd7 55. Kg5 Nf6 56. Ra8 Rd7 57. Ra6 Rf7 58. Rb6 1/2-1/2

[Event "SRB Central-ch op-B 7th"]
[Site "Paracin"]
[Date "2014.07.04"]
[Round "1"]
[White "Kostic, Marko"]
[Black "Djordjevic, Danilo"]
[Result "1/2-1/2"]
[WhiteElo "1779"]
[BlackElo "2080"]
[PlyCount "58"]
[EventDate "2014.07.04"]
[EventType "swiss"]
[EventRounds "9"]
[EventCountry "SRB"]
[SourceTitle "CBM 161 Extra"]
[Source "ChessBase"]
[SourceDate "2014.08.29"]
[SourceVersion "1"]
[SourceVersionDate "2014.08.29"]
[SourceQuality "1"]

1. d4 Nf6 2. Bf4 e6 3. e3 d5 4. Nf3 Bd6 5. Bxd6 Qxd6 6. Nbd2 Nbd7 7. Be2 0-0 8. 0-0 e5 9. dxe5 Nxe5 10. Nxe5 Qxe5 11. c3 c6 12. Nb3 Re8 13. Qd4 Qc7 14. Bf3 Ne4 15. g3 Bh3 16. Rfd1 Ng5 17. Bg2 Bxg2 18. Kxg2 Re4 19. Qd3 Qd7 20. Nd2 Rae8 21. Kh1 R4e7 22. Qf1 Qf5 23. h4 Ne6 24. Qg2 Nc5 25. Nf3 Ne4 26. Kg1 a6 27. Nd4 Qd7 28. a4 g6 29. a5 c5 1/2-1/2

[Event "Paracin-ch"]
[Site "Paracin"]
[Date "2014.01.19"]
[Round "9"]
[White "Kostic, Marko"]
[Black "Zivkovic, Momcilo"]
[Result "0-1"]
[WhiteElo "1774"]
[BlackElo "2148"]
[PlyCount "38"]
[EventDate "2014.01.10"]
[EventType "swiss"]
[EventRounds "9"]
[EventCountry "SRB"]
[SourceTitle "CBM 158 Extra"]
[Source "ChessBase"]
[SourceDate "2014.02.28"]
[SourceVersion "1"]
[SourceVersionDate "2014.02.28"]
[SourceQuality "1"]

1. d4 d5 2. Bf4 c5 3. c3 Nc6 4. e3 Qb6 5. Qb3 c4 6. Qxb6 axb6 7. Nd2 b5 8. e4 e6 9. exd5 exd5 10. Be2 Nf6 11. Bf3 Be6 12. Ne2 b4 13. 0-0 b3 14. h3 Kd7 15. g4 h6 16. Bg2 Bd6 17. Bxd6 Kxd6 18. f4 Ra5 19. f5 Bd7 0-1

[Event "Paracin-ch"]
[Site "Paracin"]
[Date "2014.01.17"]
[Round "6"]
[White "Kostic, Marko"]
[Black "Radosavljevic, Nenad"]
[Result "1-0"]
[WhiteElo "1774"]
[BlackElo "1957"]
[PlyCount "83"]
[EventDate "2014.01.10"]
[EventType "swiss"]
[EventRounds "9"]
[EventCountry "SRB"]
[SourceTitle "CBM 158 Extra"]
[Source "ChessBase"]
[SourceDate "2014.02.28"]
[SourceVersion "1"]
[SourceVersionDate "2014.02.28"]
[SourceQuality "1"]

1. d4 Nf6 2. Bf4 e6 3. e3 b6 4. h3 Bb7 5. Nf3 d5 6. Bd3 c5 7. c3 Nc6 8. 0-0 Bd6 9. Ne5 0-0 10. Nd2 Qc7 11. Ndf3 Ne4 12. Bh2 Rad8 13. Nxc6 Bxc6 14. Ne5 Bb7 15. f4 a6 16. g4 Qe7 17. Qe1 f6 18. Nf3 Qf7 19. Nh4 Qc7 20. Nf3 Rf7 21. h4 Rdf8 22. h5 e5 23. fxe5 fxe5 24. Nxe5 Rxf1+ 25. Bxf1 Qd8 26. Bg2 Nf6 27. Qe2 Bc8 28. Bf3 Be6 29. Qg2 Bc7 30. g5 Ne4 31. Bxe4 dxe4 32. Rf1 Rxf1+ 33. Kxf1 Bxa2 34. Qxe4 Qxg5 35. Qa8+ Qd8 36. Qxa6 Bd5 37. Qe2 Qc8 38. e4 Qh3+ 39. Ke1 Qh4+ 40. Kd2 Bxe4 41. Qc4+ Kh8 42. Nf7+ 1-0

[Event "Paracin-ch"]
[Site "Paracin"]
[Date "2014.01.10"]
[Round "1"]
[White "Kostic, Marko"]
[Black "Dinic, Dragan"]
[Result "0-1"]
[WhiteElo "1774"]
[BlackElo "2313"]
[PlyCount "58"]
[EventDate "2014.01.10"]
[EventType "swiss"]
[EventRounds "9"]
[EventCountry "SRB"]
[SourceTitle "CBM 158 Extra"]
[Source "ChessBase"]
[SourceDate "2014.02.28"]
[SourceVersion "1"]
[SourceVersionDate "2014.02.28"]
[SourceQuality "1"]

1. d4 Nf6 2. Bf4 g6 3. e3 Bg7 4. Be2 0-0 5. h3 c6 6. Nf3 Qb6 7. Qc1 d6 8. 0-0 Nbd7 9. c4 e5 10. dxe5 Nh5 11. Bh2 dxe5 12. Nc3 Re8 13. e4 Nc5 14. Rb1 Qc7 15. b4 Ne6 16. c5 Nef4 17. Nd2 Be6 18. Bc4 Qe7 19. Bxe6 Qxe6 20. Kh1 Rad8 21. a4 Rd3 22. f3 Bh6 23. Nb3 Red8 24. Qc2 Qc4 25. Rfc1 Nxg2 26. Qxg2 Bxc1 27. Nxc1 Rxc3 28. Qg1 Rxf3 29. Bxe5 Qxe4 0-1

[Event "Srebrno Jezero op-B 7th"]
[Site "Srebrno Jezero"]
[Date "2013.06.20"]
[Round "9"]
[White "Kostic, Marko"]
[Black "Petrovic, Milan M"]
[Result "1/2-1/2"]
[WhiteElo "1677"]
[BlackElo "1917"]
[PlyCount "66"]
[EventDate "2013.06.14"]
[EventType "swiss"]
[EventRounds "9"]
[EventCountry "SRB"]
[SourceTitle "EXT 2014"]
[Source "ChessBase"]
[SourceDate "2013.11.20"]
[SourceVersion "1"]
[SourceVersionDate "2013.11.20"]
[SourceQuality "1"]

1. d4 d5 2. Bf4 Nf6 3. e3 e6 4. Nd2 Be7 5. Bd3 0-0 6. h3 c5 7. c3 Nc6 8. Ngf3 Qb6 9. Qb1 Kh8 10. 0-0 Bd7 11. Re1 h6 12. dxc5 Bxc5 13. Nb3 Be7 14. e4 dxe4 15. Bxe4 Nxe4 16. Qxe4 a5 17. Qc2 Rac8 18. Rad1 Rfd8 19. Nbd2 Be8 20. Nc4 Qc5 21. Nce5 Bf6 22. Ng4 Nb4 23. Qb1 Nd5 24. Be5 Bxe5 25. Rxe5 Qe7 26. Nd4 Qf8 27. Rde1 a4 28. a3 Bd7 29. R5e2 Qd6 30. Ne5 Be8 31. Qe4 Kg8 32. f4 Qb6 33. Kh1 Nf6 1/2-1/2

[Event "Srebrno Jezero op-B 7th"]
[Site "Srebrno Jezero"]
[Date "2013.06.17"]
[Round "6"]
[White "Bobusic, Milan"]
[Black "Kostic, Marko"]
[Result "0-1"]
[WhiteElo "1957"]
[BlackElo "1677"]
[PlyCount "58"]
[EventDate "2013.06.14"]
[EventType "swiss"]
[EventRounds "9"]
[EventCountry "SRB"]
[SourceTitle "EXT 2014"]
[Source "ChessBase"]
[SourceDate "2013.11.20"]
[SourceVersion "1"]
[SourceVersionDate "2013.11.20"]
[SourceQuality "1"]

1. d4 d5 2. c4 e6 3. Nf3 Be7 4. Nc3 Nf6 5. Bf4 0-0 6. e3 b6 7. Be2 Bb7 8. 0-0 c5 9. Rc1 Nbd7 10. cxd5 Nxd5 11. Bg3 Rc8 12. Nxd5 Bxd5 13. Qd2 Bf6 14. b3 cxd4 15. exd4 Nb8 16. b4 Nc6 17. Ba6 Ra8 18. Bb7 Nxd4 19. Bxa8 Nxf3+ 20. gxf3 Qxa8 21. Rc7 Bxf3 22. Qd7 Bh1 23. f3 Bxf3 24. h4 Qe4 25. Kh2 Be5 26. Rxf3 Bxc7 27. Rd3 Qxh4+ 28. Kg2 Bxg3 29. Rxg3 Qxb4 0-1

[Event "SRB Central-ch op"]
[Site "Pozarevac"]
[Date "2013.02.23"]
[Round "8"]
[White "Kostic, Marko"]
[Black "Zajic, Milun"]
[Result "0-1"]
[WhiteElo "1639"]
[BlackElo "1903"]
[PlyCount "70"]
[EventDate "2013.02.18"]
[EventType "swiss"]
[EventRounds "9"]
[EventCountry "SRB"]
[SourceTitle "CBM 153 Extra"]
[Source "ChessBase"]
[SourceDate "2013.04.22"]
[SourceVersion "1"]
[SourceVersionDate "2013.04.22"]
[SourceQuality "1"]

1. d4 b5 2. Bf4 Bb7 3. e3 Nf6 4. h3 a6 5. Nf3 e6 6. Nbd2 c5 7. c3 d6 8. b4 Nbd7 9. a4 bxa4 10. bxc5 dxc5 11. Rxa4 Nd5 12. Qb3 N7b6 13. Ra1 Nxf4 14. exf4 cxd4 15. cxd4 Bd6 16. Ne5 0-0 17. Ndf3 Bd5 18. Qd3 f6 19. Ng4 Bxf4 20. Ne3 Bd6 21. Rxa6 Qc7 22. Rxa8 Bb4+ 23. Nd2 Rxa8 24. Be2 Ra2 25. 0-0 Rxd2 26. Qb5 Bf8 27. Rb1 Qd7 28. Qa6 Ra2 29. Qd3 Nc8 30. Bd1 Ra3 31. Qc2 Bc6 32. Rc1 Ne7 33. Nc4 Ra7 34. Qd3 Bb5 35. Qb3 Ba4 0-1